Siemens zatiaľ nehodlá zužovať corebiznis
Zásadná reštrukturalizácia Siemensu v posledných troch rokoch. Hospodárenie Siemensu v posledných mesiacoch r. 2000 - zisk, tržby. Plánovanie rastu zisku aj tržieb v r. 2001. Finalizácia desaťbodového reorganizačného plánu, ktorý odštartoval v r. 1998. Jednotlivé divízie Siemensu. Pokrok v súčasnost...
Guardado en:
| Autor principal: | |
|---|---|
| Formato: | Capítulo de libro |
| Lenguaje: | eslovaco |
| Materias: | |
| Etiquetas: |
Sin Etiquetas, Sea el primero en etiquetar este registro!
|
MARC
| LEADER | 00000naa a2200000 4500 | ||
|---|---|---|---|
| 001 | r040890 | ||
| 005 | 20230921111045.4 | ||
| 041 | 0 | |a slo | |
| 044 | |a SK | ||
| 245 | 1 | 0 | |a Siemens zatiaľ nehodlá zužovať corebiznis |c Rado Baťo |
| 520 | |a Zásadná reštrukturalizácia Siemensu v posledných troch rokoch. Hospodárenie Siemensu v posledných mesiacoch r. 2000 - zisk, tržby. Plánovanie rastu zisku aj tržieb v r. 2001. Finalizácia desaťbodového reorganizačného plánu, ktorý odštartoval v r. 1998. Jednotlivé divízie Siemensu. Pokrok v súčasnosti zaznamenáva oblasť energetiky, naopak v zložitej trhovej situácii je oblasť automobilovej techniky. Nosné piliere energetiky. Vývoj kurzu akcií Siemensu. | ||
| 610 | 2 | 0 | |a hospodárenie finančné |
| 610 | 2 | 0 | |a hospodárenie podnikové |
| 610 | 2 | 0 | |a zisk |
| 610 | 2 | 0 | |a tržby |
| 610 | 2 | 0 | |a reštrukturalizácia |
| 610 | 2 | 0 | |a reorganizácia |
| 610 | 2 | 0 | |a divízie |
| 610 | 2 | 0 | |a energetika |
| 610 | 2 | 0 | |a akcie |
| 610 | 2 | 0 | |a Siemens |
| 610 | 2 | 0 | |a 2000 |
| 610 | 2 | 0 | |a 2001 |
| 100 | 1 | |a Baťo, Rado | |